000 00669nam a2200229Ia 4500
003 GCL
008 140319s9999 xx 000 0 ara d
040 _aGCL /
_cGCL
082 0 4 _a375.008
_bد ا
100 1 _aديزيزه سقال
245 1 0 _aالادب فى نصوصه المختاره السنه الثانية من المرحلة المتوسطه /
_cديزيزه سقال
700 1 _aحنا الفاخورى
700 1 _aنعمه جابر
300 _a296
490 _a
650 0 4 _aاللغة العربية
650 0 4 _aالموسيقى
650 0 4 _aالفنون
650 0 4 _aمناهج
650 0 4 _aالمطالعه
942 _2ddc
_cBK
999 _c41342
_d41342